000 00428nam a2200181Ia 4500
001 23429
005 20260414150936.0
008 260414t2017||||xx |||||||||||||| ||spa||
041 _aESP
082 _a650.01513
_bB82
100 _aBresani Tamayo, Carlos
_eAUT
245 0 _aMatemática financiera
_b
260 _c2017
300 _a203 páginas :
_c24 cm.
650 _aGEN
654 _aCCO
942 _cLIB
_dJUS
_fJUS
_2ddc
_n
999 _c23429
_d23429